[Event "Ter Apel"]
[Site "Ter Apel"]
[Date "1994.??.??"]
[Round "3"]
[White "Dautov, Rustem"]
[Black "Nikolic, Predrag"]
[Result "1-0"]
[WhiteElo "2625"]
[BlackElo "2625"]
[Annotator "Dautov,R"]
[PlyCount "99"]
[EventDate "1994.03.??"]
[EventType "tourn"]
[EventRounds "5"]
[EventCountry "NED"]
[EventCategory "15"]
[SourceTitle "CBM 040"]
[Source "ChessBase"]
[SourceDate "1994.06.01"]
[SourceVersion "1"]
[SourceVersionDate "1994.06.01"]
[SourceQuality "1"]

1. d4 {Hertneck,G} d5 2. c4 c6 3. Nf3 Nf6 4. Nc3 dxc4 5. a4 Bg4 6. Ne5 Bh5 7.
f3 Nfd7 8. Nxc4 e5 9. g3 f6 $5 $146 (9... Bb4 10. dxe5 O-O 11. Bh3 $1 $16 {
Rogers} (11. Qd4 {Hertneck,G} Na6 12. Bf4 Ndc5 13. Qxd8 Raxd8 $44 {Kuzmin,
G-Taimanov,M/Leningrad/1973})) (9... Qe7 10. Bh3 $1 Bg6 {Khalifman-Rogers/Biel
izt/1993} 11. dxe5 (11. O-O {Hertneck,G} exd4 12. Qxd4 Nc5 $13 {Khalifman,
A-Rogers,I/Biel izt/1993}) 11... Nxe5 12. Nxe5 Qxe5 13. Bf4 Qe7 14. Qb3 Na6 15.
Rd1 Nc5 16. Qc4 $14 {Rogers}) 10. dxe5 Nxe5 (10... fxe5 {Hertneck,G} 11. Ne4 (
11. Nd6+) 11... Bb4+ 12. Kf2 $5 (12. Bd2 Qe7 $13)) 11. Qxd8+ Kxd8 12. Nxe5 fxe5
13. Bg5+ {+/- Rogers} Kc7 (13... Be7 $6 14. O-O-O+ Nd7 15. h4 $16 {/\Bh3}) 14.
O-O-O Nd7 15. Bh3 Be8 (15... Nc5 $2 16. b4 Nb3+ 17. Kb2 Nd4 18. e3 Bxf3 (18...
h6 {Hertneck,G} 19. exd4 hxg5 20. dxe5 Bxf3 21. Rd7+ Kc8 22. Rf7+ g4 23. Rf1 $1
Bxb4 24. R1xf3 gxh3 25. Rxg7 $18) 19. exd4 exd4 $2 (19... Bxh1 20. dxe5 $16)
20. Rxd4 Bxh1 21. Rd7+ Kb6 22. a5+ Ka6 23. Bf1+ b5 24. axb6+ Kxb6 25. Na4#) (
15... Nf6 16. Bxf6 gxf6 17. Rd7+ Kb6 18. Rhd1 $5 $14) 16. Be3 $1 $14 {/\f4} (
16. f4 h6 17. Bh4 Nc5 {/\g5} 18. f5 a5 $13) 16... Nc5 (16... Nb6 17. Be6 Bb4 (
17... a5 $6 18. f4 $16) 18. Bb3 $1 Bg6 19. f4 Bd6 20. Be6 exf4 21. Bxf4 Bxf4+
22. gxf4 $16 {/\a5,/\f5}) (16... Bc5 17. Rd3 $1 (17. Bxc5 Nxc5 18. b4 Bd7 $1
19. bxc5 Bxh3 $10) 17... Bxe3+ 18. Rxe3 $16) 17. f4 (17. b4 $6 Na6 18. b5 Nc5
$13) 17... Bd7 (17... Nb3+ $6 18. Kc2 Na5 19. Be6 $16) 18. Bxd7 Nxd7 19. f5 (
19. Ne4 $1 {>=} Re8 (19... exf4 $2 20. Bxf4+ Kc8 21. Nd6+ Bxd6 22. Rxd6 $16) (
19... Be7 20. fxe5 Nxe5 21. Bd4 $1 Bf6 22. Nxf6 gxf6 23. Rhf1 $16) 20. f5 $14)
19... Be7 (19... Nf6 $5 20. Bg5 h6 21. Bxf6 gxf6 22. Ne4 Be7 $14) 20. g4 h6 $5
(20... Nf6 $5 21. Bg5 (21. h3 h6 $14 {/\Bb4}) 21... h6 22. Bxf6 Bxf6 $5 23. Ne4
Be7 $14) 21. Ne4 $14 Nf6 $6 (21... Nb6 $1 22. Nc5 (22. Bxb6+ axb6 23. b3 b5 $1
24. axb5 Ra2 $132) (22. Bc5 Rhe8 23. Bxe7 Rxe7 24. Nc5 Nd5 $14) 22... Bxc5 23.
Bxc5 Rad8 $14) 22. Nxf6 $16 Bxf6 (22... gxf6 23. h4 Rag8 24. Rhg1 Rg7 25. Rg3
$16 {><h6}) 23. h4 Be7 24. Bf2 (24. Kc2 $5 Raf8 {/\h5} 25. Rdf1 Rd8 26. g5 hxg5
27. hxg5 Rdf8 $132) 24... Rad8 25. Bg3 Bf6 26. Kc2 Rxd1 27. Rxd1 Rg8 $2 (27...
Re8 {>=} 28. Rg1 b6 29. Be1 $16) 28. g5 $1 hxg5 29. hxg5 Bxg5 30. Bxe5+ Kc8 31.
Rg1 Re8 32. Bxg7 Rxe2+ 33. Kd3 Rd2+ 34. Kc3 $2 {(+)} (34. Ke4 $1 Bd8 (34...
Re2+ $2 35. Kf3 Re3+ 36. Kf2 Bf4 37. Rg4 Re4 38. Kf3 $18) (34... Be7 35. Bc3
Rf2 36. Bd4 Rd2 37. Ke3 $18) 35. Bc3 Rh2 36. Rg8 $18) 34... Be3 35. Rg3 Bf4 $2
(35... Rd7 $1 36. Be5 (36. Rxe3 Rxg7 37. f6 $2 Rf7 38. Rf3 Kd7 $10) 36... Bd2+
$1 (36... Bc5 $2 37. Rg8+ Rd8 38. Rxd8+ Kxd8 39. Bd4 $18) 37. Kc2 Bb4 $14) 36.
Rf3 Rg2 (36... Bg5 $2 37. f6 $18) 37. Rxf4 Rxg7 38. f6 Rg8 $1 (38... Rf7 39.
Kd4 Kd7 40. Ke5 $18) 39. Kd4 Kd7 40. Ke5 Re8+ 41. Kf5 $18 Re2 42. b4 $2 (42.
Rd4+ Ke8 43. Re4+ Rxe4 44. Kxe4 Kf7 45. Ke5 a5 (45... c5 46. Kd6 Kxf6 47. Kc7
$18) 46. Kd6 Kxf6 47. Kc7 b5 48. axb5 $1 cxb5 49. Kb6 $18) 42... Ke8 $6 (42...
b6 $1 43. Kg6 Ke8 44. Rc4 Rg2+ 45. Kf5 Rf2+ 46. Ke6 Re2+ 47. Kd6 c5 48. bxc5
bxc5 49. Rxc5 Kf7 $10) 43. Rh4 Rf2+ 44. Ke6 Re2+ 45. Kd6 a5 $1 46. bxa5 Kf7 $2
(46... Rb2 $1 $8 47. Rf4 (47. Rh7 Rb1 48. a6 bxa6 49. a5 Rf1 $10) 47... Kf7 48.
Kc7 Rb1 (48... c5 $2 49. Rc4 Kxf6 50. Rxc5 Ke6 51. Rb5 $18) 49. Kb8 Rb2 50. Ka7
Rb1 51. a6 bxa6 52. Kxa6 c5 53. a5 Rb2 $5 54. Rc4 (54. Ka7 Rb4 55. Rf5 c4 56.
Rf4 Rb5 57. a6 c3 58. Rc4 Rb3 $10) 54... Kxf6 55. Rxc5 Ke6 56. Rb5 Rc2 57. Kb7
Kd7 58. a6 Rc7+ $10) 47. Rh7+ Kxf6 48. Rxb7 $18 Re4 49. Kxc6 (49. a6 Rxa4 50.
Rb6 $18) 49... Rxa4 50. Rb5 (50. Rb5 Ke6 51. Kb7 Kd7 52. a6 Rc4 53. a7 Rc7+ 54.
Ka6 $18) 1-0

[Event "Altensteig"]
[Site "Altensteig"]
[Date "1995.??.??"]
[Round "6"]
[White "Dautov, Rustem"]
[Black "Georgiev, Kiril"]
[Result "1-0"]
[WhiteElo "2620"]
[BlackElo "2605"]
[Annotator "Dautov,R"]
[PlyCount "104"]
[EventDate "1995.08.??"]
[EventType "tourn"]
[EventRounds "11"]
[EventCountry "GER"]
[EventCategory "12"]
[SourceTitle "CBM 049"]
[Source "ChessBase"]
[SourceDate "1995.12.01"]
[SourceVersion "1"]
[SourceVersionDate "1995.12.01"]
[SourceQuality "1"]

1. d4 {Stohl} Nf6 2. c4 c5 3. d5 b5 4. cxb5 a6 5. bxa6 g6 6. Nc3 Bxa6 7. Nf3 d6
8. e4 Bxf1 9. Kxf1 Bg7 10. g3 Nbd7 11. Kg2 O-O 12. Re1 (12. h3 {Stohl} Qa5 13.
Re1 Rfb8 14. Re2 Ne8 15. Qc2 Nc7 16. Bd2 Qa6 17. Be1 Qb7 18. Nd1 Na6 19. a3 Qb3
20. Qxb3 Rxb3 21. Nd2 Rbb8 22. Nc4 Nc7 23. Bc3 Nb5 24. Bxg7 Kxg7 25. Rc1 Nd4
26. Re3 Ra7 $14 {Morovic Fernandez,I-Hoffman,A/ARG-ch/1995/}) (12. Qe2 {Stohl}
Qb6 13. Re1 Rfb8 14. e5 Nxe5 15. Nxe5 dxe5 16. Qxe5 Rb7 17. Qe2 Ne8 18. Bd2 Nd6
19. b3 Qa6 20. Rac1 Qxe2 21. Rxe2 c4 {0,5/Sosonko,G-Topalov,V/Polanica Zdroj/
1995/}) 12... Qa5 (12... Qb6 {Stohl} 13. Re2 (13. e5 $5 $14) 13... Ng4 14. Bf4
Nge5 15. Nxe5 Nxe5 16. Rc1 c4 17. Bxe5 Bxe5 18. Na4 Qb4 19. b3 cxb3 20. axb3
Rab8 21. Re3 Rfc8 22. Rxc8+ Rxc8 23. Qd3 Bd4 24. Re2 Bf6 $13 {Akesson,
R-Cramling,P/Katrineholm/1995/ (37)}) (12... Ng4 {Stohl} 13. Nd2 Nge5 14. Qe2
Nb6 15. f4 Ned7 16. a4 Re8 (16... e6 17. dxe6 fxe6 18. Nf3 Re8 19. Nb5 Qb8 20.
Rd1 $36 {Chernin,A-Weindl,A/San Bernardino op/1994/}) 17. a5 e6 18. dxe6 Rxe6
19. Qf3 Ra6 20. Ra3 Nc8 21. Nc4 Ne7 22. Bd2 Qa8 23. Nd5 Nxd5 24. exd5 Rxe1 25.
Bxe1 $16 {Gavrikov,V-Gallagher,J/SWZ-chT/1994/}) 13. e5 $1 {N  A suitable
moment for a typical move. It's surprising no one played it before in this
situation.} (13. Bg5 {Stohl} h6 14. Bd2 Ng4 15. a4 Qb4 16. Ra2 Rfb8 17. Nb5 Qc4
18. b3 Qd3 19. Qc2 Nge5 20. Nxe5 Nxe5 21. Re3 Qxc2 22. Rxc2 c4 23. f4 $5 Ng4
24. Rxc4 Nxe3+ 25. Bxe3 Rb7 26. Kf3 $44 {Brezeanu,C-Horvath,A/EU-chJ U14
Herculane/1994/}) (13. Bd2 $5 {Stohl} Rfb8 14. Qc2 Ng4 15. a4 Qb4 16. h3 Nge5
17. Nxe5 Nxe5 18. Nb5 Qc4 19. Bc3 Qd3 20. Qd1 c4 21. Nc7 Ra7 22. Nb5 Raa8 23.
Nd4 Qxd1 24. Rexd1 Nd3 25. a5 Nc5 26. Nc6 $14 {Sadler,M-Hoffman,A/Buenos Aires
Najdorf/1995/}) (13. h3 {Stohl} Rfb8 (13... Nb6 14. Qc2 Nfd7 15. Nd1 e6 16.
dxe6 fxe6 17. Bd2 Qb5 18. Bc3 Nf6 19. e5 dxe5 20. Bxe5 Qc6 21. Qe2 Bh6 22. Nc3
Nbd7 23. Qe4 Nd5 24. Rad1 $16 {Schlager,T-Mueller,HG/2BLSW 8990/1990/}) 14. e5
(14. Re2 Ne8 15. Qc2 Nc7 16. Bd2 Nb5 17. a4 Qa6 18. Nxb5 Rxb5 19. Bc3 Rb7 20.
Bxg7 Kxg7 21. b3 Kg8 22. Re3 c4 $1 23. Qxc4 Qxc4 24. bxc4 Rb4 25. a5 Rxc4 26.
Ra2 Nc5 27. Nd2 Rb4 28. e5 Rd4 $10 {Servat,R-Panno,O/ARG-ch/1995/}) 14... dxe5
15. Nxe5 Nxe5 16. Rxe5 Rb7 (16... Ra7 17. Re2 Rd7 18. Bf4 Rbd8 19. Qe1 Qa8 20.
Rxe7 Nxd5 21. Nxd5 Qxd5+ 22. Kg1 Bxb2 23. Re8+ Kg7 24. Be5+ Bxe5 25. Qxe5+ Qxe5
{0,5/Van Wely,L-Khalifman,A/Amsterdam Donner/1995/}) 17. d6 exd6 18. Qxd6 Rc8
19. Nd5 Nxd5 20. Qxd5 Qa6 21. Re4 c4 22. a4 Bxb2 23. Bxb2 Rxb2 24. Rc1 Rb4 25.
Rf4 Qc6 {0,5/Gavrikov,V-Shirov,A/Biel/1995/}) 13... Ng4 (13... dxe5 14. Nxe5
Nxe5 15. Rxe5 Ra7 16. Qe2 $16 {[%csl Re7] ><e7}) 14. exd6 (14. e6 $6 fxe6 (
14... Nde5 15. Nxe5 Nxe5 16. Re4 $14) 15. dxe6 (15. Rxe6 $2 Bxc3 16. bxc3 Qxc3
17. Bd2 $2 Qd3 18. Rxe7 Nde5 $17) 15... Nb6 16. Bg5 Ra7 $36) 14... exd6 {
[%csl Rd6][%cal Ge1e7] The open e-file gives White extra possibilities
compared with the typical Volga-gambit positions (King-side attack, weak d6
pawn.)} 15. Bf4 Nge5 $6 (15... Rfb8 $142 16. Re2 (16. Bxd6 $2 {Stohl} Rxb2 $17)
16... Nge5 (16... Rxb2 $2 {Stohl} 17. Rxb2 Bxc3 18. Bd2 $18) 17. Nxe5 Nxe5 18.
Rc1 (18. Ne4 $6 c4 $132) 18... Qa6 (18... Nc4 $6 19. b3 $16) 19. Bxe5 Bxe5 20.
Rcc2 $14) 16. Nxe5 Nxe5 17. Rc1 $6 (17. Re4 $1 Qb6 (17... Rfb8 18. Ra4 Qb6 19.
Rxa8 Rxa8 20. Qe2 c4 21. Be3 $1 Qb7 (21... Qb4 {Stohl} 22. Bd4 Nd3 23. Bxg7
Kxg7 24. Rb1 $14) 22. Bd4 Nd3 (22... Rb8 $2 23. Bxe5 Bxe5 24. Qxc4 Qxb2 $2 25.
Rb1 $18) 23. Bxg7 Kxg7 24. b3 $16) 18. Qe2 (18. Na4 Qb5) 18... f5 (18... Rfb8
19. b3 f5 20. Ra4 $16) 19. Ra4 Rab8 20. b3 $16) 17... Qa6 (17... Nc4 $2 18. Qb3
Qb4 19. Ne4 Nxb2 20. Bxd6 Rfd8 21. Be7 Qxb3 22. axb3 Rxd5 23. Rxc5 Rxc5 24.
Nxc5 $16) (17... c4 18. Bxe5 Bxe5 19. Rc2 Rfb8 20. Re3 $16 {[%csl Rc4] ><c4} (
20. Ree2 {[%csl Rc4] Stohl ><c4})) 18. Bxe5 Bxe5 {[%csl Ga2] Black's Be5 is
optically strong, but after safeguarding his Q-side White can transfer his N
to a strong outpost (c4,e4) and combine a K-side attack with advancing his
passe a-pawn.} 19. Rc2 Bg7 $2 (19... Bxc3 20. bxc3 Qc4 21. Qf3 $1 Rxa2 (21...
Ra7 22. Re3 (22. h4 $5)) 22. Rxa2 Qxa2 23. Re7 f5 24. Re6 {[%csl Rd6,Rf7,Rg7,
Rh7] ><d6,>>} (24. Rd7 Rf6) (24. h4 $1 $36 {[%csl Rd6,Rf7,Rg7,Rh7] Stohl ><d6,
>>}) 24... Rd8 25. h4 $16) (19... Rfb8 $142 20. Qf3 (20. Rxe5 $6 dxe5 21. Rd2
Rb4 $17) 20... Rb4 21. b3 Bxc3 (21... c4 22. Ne4 cxb3 23. axb3 Qb7 24. Re3 Ra3
25. Nd2 (25. Nc5 $5 dxc5 26. Rxe5 Rbxb3 27. Qf6 $16) 25... Ra5 26. Rd3 $16) 22.
Re7 $1 (22. Qxc3 Rd4 23. Qf3 Qd3 $10) 22... Rf8 23. Qxc3 Rd4 24. Rd2 $16) 20.
Qf3 Ra7 21. b3 $1 Rb7 (21... c4 22. Ne4 (22. b4 $2 Qb7 23. Rb1 Ra3 $10) 22...
cxb3 23. axb3 {[%cal Ye4f6,Rc2c6] /\Rc6,Nf6->} f5 24. Ng5 $16) 22. Ne4 Qa5 23.
Ree2 Qd8 24. Nd2 h5 25. Nc4 (25. h4 $1 $18) (25. h4 $142 {Stohl}) 25... h4 26.
Qf4 (26. g4 $5) (26. g4 $5 $16 {Stohl}) 26... hxg3 27. hxg3 Rd7 28. Rcd2 Bf6
29. Rd1 Kg7 30. Rh1 Bg5 31. Qg4 Rh8 {[%cal Gh8h1] <->h} 32. Rxh8 Kxh8 33. a4 (
33. Re1 Kg7 34. Rh1 Bf6 35. Qh3 Kf8) 33... Kg7 34. a5 Bf6 35. Ra2 Ra7 36. Qf4 (
36. a6 $5 $16 {Stohl}) 36... Ra6 37. Nb6 Ra7 38. Qc4 Re7 {[%cal Re7e1,Rd8h8] /
\Re1,Qh8 /\Re1,Qh8|^} 39. Re2 Ra7 40. Qb5 Bc3 41. a6 Qg5 42. Qc4 Bd4 43. b4 $5
(43. Nc8 Ra8 44. Nxd6 Rh8 45. Re8 (45. Ne8+ Kg8 46. Nd6 Kg7) 45... Rh6 (45...
Bxf2 46. Ne4 $18) 46. Nxf7 $1 (46. a7 $4 Qh5 $19) 46... Kxf7 47. d6+ Kxe8 48.
a7 $18) 43... Qd8 44. Na4 Ra8 45. Re4 $1 (45. b5 Qg5 46. b6 $2 Rh8 $40) 45...
Qf6 (45... Qg5 46. Nb6 Rh8 47. Rxd4 $1 cxd4 48. Qxd4+ f6 49. Qf4 Qh5 50. Qh4
Qf5 51. Qxh8+ Kxh8 52. a7 $18) 46. Rf4 Qe5 47. bxc5 dxc5 48. Nb6 $1 Ra7 49. Nc8
Rxa6 {White wins easily with an extra Rook, but a retreat was also hopeless.} (
49... Ra8 50. d6 Qe8 (50... Rxc8 {Stohl} 51. Qxf7+ Kh6 52. Rh4+ Kg5 53. f4+)
51. Qd5 Rxc8 52. d7 $18) 50. Qxa6 Qxd5+ 51. Rf3 c4 52. Qd6 Qe4 (52... Qe4 {
Stohl} 53. Qf4 Qd5 54. Nd6 $18) 1-0

[Event "BL2-West 9596"]
[Site "Germany"]
[Date "1996.??.??"]
[Round "?.1"]
[White "Romanishin, Oleg M"]
[Black "Dautov, Rustem"]
[Result "0-1"]
[WhiteElo "2590"]
[BlackElo "2615"]
[Annotator "Dautov,R"]
[PlyCount "78"]
[EventDate "1995.10.??"]
[EventType "team-tourn"]
[EventRounds "9"]
[EventCountry "GER"]
[SourceTitle "CBM 051"]
[Source "ChessBase"]
[SourceDate "1996.04.01"]
[SourceVersion "1"]
[SourceVersionDate "1996.04.01"]
[SourceQuality "1"]
[WhiteTeam "Hofheim"]
[BlackTeam "St Ingbert"]
[WhiteTeamCountry "GER"]
[BlackTeamCountry "GER"]

1. e4 c6 2. Nc3 d5 3. Nf3 Bg4 4. Be2 e6 (4... dxe4 5. Nxe4 Nd7 6. Nfg5 Bxe2 7.
Qxe2 Ndf6 8. O-O h6 9. Nf3 Nxe4 10. Qxe4 Nf6 11. Qe2 e6 12. d4 Bd6 13. c4 O-O
14. Bd2 Qe7 15. Rad1 Rfd8 16. Rfe1 {1/2-1/2 Zaitsev,I-Kharitonov,A/Moscow1 ;
EXP 46 1995}) 5. d4 Nf6 6. e5 (6. h3 Bh5 7. exd5 Bxf3 8. Bxf3 cxd5 9. O-O Nc6
10. Re1 Be7 11. Ne2 O-O 12. Nf4 b5 {Westerinen,H-Meduna,E/Moskva 1982}) 6...
Nfd7 7. Ng5 Bxe2 8. Nxe2 (8. Qxe2 Bb4 $10) 8... h6 $5 {N} (8... Be7 9. f4 c5
10. c3 cxd4 11. cxd4 Qa5+ $1 12. Bd2 Qb6 13. Bc3 Nc6 14. Qd3 (14. Nf3 f6 $132)
14... Rc8 15. Rd1 Nb4 16. Qb1 g6 17. O-O Qa6 18. Nc1 Nb6 $10 {Zaitsev,I-Guliev,
S/Moscow1 ;EXP 46 1995}) 9. Nf3 (9. Nxe6 $2 fxe6 10. Nf4 Qg5 $1 11. g4 $1 Nxe5
$1 (11... Na6 $2 12. h4 Qd8 13. Qd3 Nc7 14. Qg6+ Ke7 15. Qh5 Rh7 16. Ng6+ Kf7
17. Bg5 hxg5 (17... Qe8 $4 18. Ne7+ g6 19. Qxg6#) 18. Qxh7 $16) 12. Qe2 Qxg4
13. Qxe5 Kd7 $17) 9... c5 10. c3 Nc6 11. O-O Be7 12. Nf4 (12. Be3 cxd4 13. cxd4
Qb6 14. Qd2 O-O-O $10 (14... O-O $10)) 12... cxd4 13. cxd4 Qb6 14. Be3 $2 (14.
Re1 $2 g5 15. Ne2 g4 $17) (14. b3 O-O (14... g5 $6 15. Ne2 g4 16. Ne1 O-O-O 17.
Be3 h5 18. Nd3 $14) 15. Be3 Rfc8 $10) 14... Qxb2 15. Ne1 (15. Rb1 Qxa2 16. Rxb7
(16. Nh5 $2 g6 17. Ng7+ Kf8 18. Rxb7 Ndb8 $19) 16... Qa6 17. Qb1 Na5 18. Rc7
Qb6 $17) (15. Nd2 $1 O-O-O (15... Nxd4 16. Rb1 Qc3 17. Rc1 Qb4 18. Rb1 $10) 16.
Nb3 Qa3 17. Qg4 (17. Qf3 $5) 17... g6 18. Qf3 Kb8 19. Nd3 Rdf8 20. Rfc1 $15 {/\
} Nb6 21. Nbc5) 15... O-O-O 16. Ned3 Qa3 $17 17. Qe2 (17. Qg4 $2 g5 $19) 17...
Kb8 18. Rab1 Rc8 19. Rb3 $6 Qa4 20. Rfb1 Na5 21. Rb5 a6 22. R5b2 Ba3 23. Rd2
Nc4 $19 24. Rdd1 Rc7 (24... Nxe3 25. fxe3 (25. Qxe3 Rc2) 25... Rc2 26. Rd2 Rhc8
$19) 25. Qf3 Rhc8 26. Ne2 (26. Nh5 Bf8 27. Qxf7 $2 Ndxe5 28. Qxe6 Nxe3 29. fxe3
Nxd3 30. Rxd3 Rc1+ 31. Rxc1 Rxc1+ 32. Kf2 Qc2+ $19) 26... Qc2 (26... Ndb6 $19)
27. Ne1 Qe4 28. Qxe4 dxe4 29. Rb3 $138 a5 30. Ng3 a4 31. Rbb1 Nxe3 32. fxe3 Rc3
$2 $138 (32... f5 $19) 33. Kf2 f5 34. Ne2 R3c4 35. Nf4 Nf8 36. d5 exd5 37. Rxd5
(37. Nxd5 Rd8 $19) 37... g5 38. Nh5 Ne6 39. Nf6 Rb4 $138 0-1

[Event "Reggio Emilia 9596 38th"]
[Site "Reggio Emilia"]
[Date "1996.01.06"]
[Round "9"]
[White "Dautov, Rustem"]
[Black "Beliavsky, Alexander G"]
[Result "1-0"]
[WhiteElo "2620"]
[BlackElo "2650"]
[Annotator "Dautov,R"]
[PlyCount "143"]
[EventDate "1995.12.28"]
[EventType "tourn"]
[EventRounds "9"]
[EventCountry "ITA"]
[EventCategory "14"]
[SourceTitle "CBM 051"]
[Source "ChessBase"]
[SourceDate "1996.04.01"]
[SourceVersion "1"]
[SourceVersionDate "1996.04.01"]
[SourceQuality "1"]

1. d4 Nf6 2. Nf3 d5 3. c4 e6 4. Nc3 Be7 5. Bf4 O-O 6. e3 c5 7. dxc5 Bxc5 8. a3
Nc6 9. Be2 dxc4 10. Bxc4 Nh5 11. Qxd8 {N} (11. Bg5 Be7 12. Bxe7 Qxe7 13. O-O
Rd8 14. Qe2 Bd7 15. e4 Nf4 16. Qe3 Ng6 17. e5 Nh4 $1 18. Nxh4 Qxh4 19. f4 Ne7
20. Qf2 $2 Qxf2+ 21. Kxf2 Rac8 22. Bb3 Bc6 23. Rfd1 g5 $1 $15 {Nikolic,
Pr-Georgiev,Kir/Dubai (ol) 1986}) 11... Rxd8 12. Bc7 Rd7 13. Be5 b6 (13... Nxe5
$6 14. Nxe5 Rd8 (14... Rc7 15. Nb5 Re7 16. Be2 Nf6 17. Rc1 Bb6 18. Nd6 $16) 15.
Be2 Nf6 16. Bf3 Rb8 17. Ke2 $14) (13... Rd8 $5 {Beliavsky} 14. Ke2 (14. Ne4 Be7
(14... Nxe5 15. Nxe5 Be7 $10) 15. Bc3 Bd7 16. Ke2 Rac8 $10) 14... Bd7 15. Rhd1
(15. g4 Nxe5 16. Nxe5 Nf6 17. g5 Bd6 $10) 15... Nxe5 16. Nxe5 Be8 $10) 14. Ne4
Nxe5 15. Nxe5 Rc7 16. Be2 Nf6 $2 (16... Bb7 17. Nxc5 Rxc5 18. Nd3 Rd5 $1 19.
O-O-O (19. Nb4 Rc5 $10) (19. Bf3 Rxd3 20. Bxb7 Rad8 21. Bf3 Nf6 22. Rd1 $10)
19... Rad8 $10) 17. Nxc5 bxc5 (17... Rxc5 18. Bf3 Nd5 (18... Rb8 $2 19. Nc6 Rb7
20. b4 Rc3 21. Kd2 Rc4 22. Ne5 $18) 19. Nd3 (19. b4 Rc2 20. Be4 Rb2 $13) 19...
Rc2 20. Kd1 Rc7 21. Bxd5 exd5 22. Kd2 $14) 18. Bf3 $14 (18. O-O-O Bb7 19. f3
Nd5 $132) 18... Rb8 (18... Bb7 19. Bxb7 Rxb7 20. O-O-O $14) 19. O-O-O Ba6 20.
Rd6 Bb5 21. Rhd1 Ne8 (21... Kf8 22. Rd8+ Rxd8 23. Rxd8+ Ke7 24. Rb8 Be8 25. Kc2
$14) 22. Rd8 Rcc8 23. Rxc8 Rxc8 24. b3 $1 {/\a4} c4 (24... f6 25. a4 $1 (25.
Bg4 Nc7 26. a4 Be8 27. Nc4 Rb8 $132 {><b3}) 25... Bxa4 26. bxa4 fxe5 27. Bg4
Nc7 (27... Rc6 28. Rd8 Kf8 29. Ra8 a6 30. Bf3 Rd6 31. Be2 $16) 28. Rd7 $36) (
24... Nf6 25. Bb7 $5 (25. a4 Be8 26. Kc2 $14) 25... Rb8 26. Nc6 Bxc6 27. Bxc6
Ng4 28. Bf3 Ne5 29. Be2 Kf8 30. Kc2 $14) 25. b4 Kf8 26. Nd7+ $1 (26. Kb2 $2 Ke7
$10 {/\f6}) 26... Ke7 27. Nc5 a5 28. Kb2 Nd6 29. Kc3 Be8 $1 {/\Nb5} (29...
axb4+ $2 30. axb4 $16 {<->a}) 30. Ra1 $1 $8 (30. a4 $2 axb4+ 31. Kxb4 Rb8+ 32.
Kc3 Rc8 33. Kb4 $10) 30... f6 31. a4 (31. Nb7 $1 Nb5+ 32. Kc2 Bg6+ 33. Kc1 axb4
34. axb4 {<->a} c3 (34... Rc7 35. Ra5 Nd6 36. Nxd6 Kxd6 37. Ra6+ Kd7 38. b5 $16
) 35. Ra5 Nd6 36. Nc5 Rc7 37. Ra6 e5 38. Bd5 $16) 31... Bg6 (31... g5 $1 {
Beliavsky} 32. Na6 $2 (32. h3 $142 Bg6 $14) 32... axb4+ 33. Nxb4 g4 $1 34. Bxg4
Ne4+ 35. Kc2 Nxf2 36. Bf3 c3 37. a5 Bg6+ 38. Kb3 c2 39. a6 $2 (39. Rc1 $10)
39... c1=Q 40. Rxc1 Rxc1 41. a7 Rc8 42. Nc6+ Kd6 43. Nb8 Kc7 $19) 32. Na6 axb4+
33. Nxb4 Be8 $2 (33... Be4 $1 34. Be2 (34. a5 Nb5+ 35. Kb2 Bxf3 36. gxf3 Kd6
$10) 34... Bg6 35. f3 Be8 $132) 34. a5 Nb5+ 35. Kb2 $16 Rc7 (35... Kd6 36. Rd1+
Kc5 $4 37. Na6#) (35... Na7 36. Rd1 (36. a6 $2 Kd6 $10) (36. Rc1 Kd6 37. Bb7 $1
(37. Be2 $2 Bb5 38. Kc3 Kc5 39. Rd1 Ba4 {/\Nb5}) 37... Rc7 38. Rd1+ Ke7 39. a6
$16) 36... Nb5 37. a6 Rc7 38. Be2 g5 39. Rc1 Nd6 (39... c3+ $2 40. Kb3 {><c3})
40. Ra1 Nb5 41. Nc2 $1 Kd6 42. Nd4 Nxd4 43. exd4 c3+ 44. Kc2 Bg6+ 45. Bd3 Bxd3+
46. Kxd3 c2 47. Kd2 $1 $16) 36. Rd1 Na7 $2 $138 37. Kc3 $138 (37. Na6 $1 Rc8
38. Bb7 Rd8 39. Rxd8 Kxd8 40. Kc3 Nb5+ 41. Kb4 c3 42. Be4 Bg6 43. Bxg6 hxg6 44.
Kb3 $18) 37... Nb5+ 38. Kb2 Bd7 39. Be2 Na7 $2 (39... Nd6 $142 40. a6 $16) 40.
Rc1 Rb7 (40... Bb5 41. Kc3 Kd6 42. Rd1+ Kc5 43. Rd4 Nc6 44. Nxc6 Rxc6 45. Bxc4
Ra6 46. Bxb5 Kxb5 47. Rd7 $18) 41. Rxc4 $18 g5 (41... Bb5 42. Bf3 $18 (42. Rg4
$18)) (41... Nc6 42. Kc3 Nxa5 43. Rc5 Ra7 44. Ba6 Nb7 45. Rc7 $18) 42. a6 Rb6
43. Kc3 Kd6 44. Rd4+ Kc7 45. Rd2 Bc8 {/\Nc6} 46. Ra2 h6 47. Ra1 Kb8 48. Bf3 Kc7
49. Kc4 Rd6 50. Ra2 Kb6 51. Rb2 Kc7 (51... Bxa6+ $2 52. Nxa6+ Kxa6 53. Kc5 $18)
52. Kc5 Rd8 (52... Bxa6 $2 53. Ra2 $18) 53. h3 $2 (53. Nc6 $1 Nxc6 54. Bxc6
Bxa6 (54... Rd1 55. a7 $18) 55. Ra2 Rd1 (55... Bc8 56. Ra7+ Kb8 57. Kb6 $18)
56. Rxa6 Rc1+ 57. Kb5 Rb1+ 58. Ka5 Ra1+ 59. Ba4 $18) 53... Rd6 54. g3 Rd8 55.
Ra2 Rd6 56. Rb2 Rd8 57. h4 Rd6 58. hxg5 hxg5 59. g4 Rd8 60. Ra2 Rd6 61. Rb2 Rd8
62. Be2 Rd6 63. Ra2 Rd8 64. f4 gxf4 65. exf4 Rh8 66. Bc4 Bd7 67. Re2 Rc8 68.
Bxe6 Kb8+ 69. Kb6 Bxe6 70. Rxe6 Rc4 71. Nc6+ Nxc6 72. Re8+ 1-0

[Event "Nussloch"]
[Site "Nussloch"]
[Date "1996.??.??"]
[Round "1"]
[White "Lobron, Eric"]
[Black "Dautov, Rustem"]
[Result "0-1"]
[WhiteElo "2590"]
[BlackElo "2615"]
[Annotator "Dautov,R"]
[PlyCount "78"]
[EventDate "1996.??.??"]
[EventType "tourn"]
[EventRounds "11"]
[EventCountry "GER"]
[EventCategory "15"]
[SourceTitle "CBM 053"]
[Source "ChessBase"]
[SourceDate "1996.08.01"]
[SourceVersion "1"]
[SourceVersionDate "1996.08.01"]
[SourceQuality "1"]

1. d4 Nf6 2. Nf3 e6 3. c4 b6 4. a3 Bb7 5. Nc3 d5 6. Qc2 Be7 7. cxd5 exd5 8. g3
O-O 9. Bh3 $1 {N} (9. Bg2 Nbd7 (9... c5 $5 10. O-O Na6 11. Bf4 Qc8 $1 12. Rad1
Rd8 13. Be5 Ne4 14. dxc5 Nxc3 15. Qxc3 bxc5 16. Qb3 Bc6 17. Bf4 Bf6 18. Qc2 h6
19. Rc1 Bb7 20. Rfd1 Qe6 $10 {Savchenko,S-Dragomarezkij,E/Alushta 1993}) 10.
O-O c5 11. Rd1 Rc8 12. Qf5 g6 (12... Re8 13. Bf4 g6 14. Qh3 c4 15. Ne5 Nf8 16.
Ng4 Nxg4 17. Qxg4 Nd7 $6 (17... Ne6 $142 $1) 18. Be5 $1 Nf6 19. Qf4 $1 a6 20.
h4 $16 {Ehlvest,J-Rozentalis,E/EUCup Gr3 Lubniewice (02) ;CBM 45 1994}) 13. Qh3
Re8 14. Bg5 c4 $1 15. Ne5 Nf8 16. Bxf6 Bxf6 17. Ng4 Bg7 18. Nh6+ Bxh6 19. Qxh6
a6 $10 {Tregubov,P-Zagrebelny,S/Alusta 60/(480) 1994}) 9... c5 10. O-O Nbd7 (
10... Nc6 11. Rd1 cxd4 12. Nb5 $14) (10... Na6 11. Rd1 $14) 11. Bf4 $6 (11. Rd1
$142 $14) 11... Ne4 $1 12. Rad1 (12. Nxe4 dxe4 13. Ne5 Nxe5 14. dxe5 Qd5 (14...
Qe8 15. Rad1 Rd8 $6 16. Rxd8 Bxd8 17. Rd1 g5 18. Bd2 Qxe5 19. Bc3 Qe8 20. Bf5
$16) 15. Rad1 Qc6 16. Bd7 Qg6 $10) 12... Ndf6 13. Nxe4 (13. Be5 Nxc3 14. Qxc3
Ne4 15. Qc2 c4 $10) 13... Nxe4 14. dxc5 bxc5 {/\Qb6} 15. Ne5 $1 Nf6 $1 $10 16.
Bg5 {/\Bxf6,Nd7} Ne4 17. Bf4 Nf6 18. Bg2 (18. Bg5 $10) 18... Qb6 19. Bg5 Rfd8
20. Rd2 $6 (20. Nd3 Rac8 21. Nf4 d4 22. Bxb7 Qxb7 23. Bxf6 Bxf6 24. b3 Qa6 25.
Qc4 Qxc4 26. bxc4 Rb8 27. Rb1 $10) 20... h6 21. Bxf6 Bxf6 22. Nd3 Rac8 23. e3 (
23. Nf4 $2 d4 24. Bxb7 Qxb7 $15 {/\c4,/\Bg5}) 23... c4 24. Nf4 d4 25. Bxb7 Qxb7
26. exd4 Rxd4 27. Re2 $2 $138 (27. Rfd1 Rxd2 (27... Rcd8 28. Rxd4 Rxd4 29. Rxd4
Bxd4 30. Qxc4 Qxb2 31. Qc8+ $10) 28. Rxd2 Re8 29. Nd5 Re1+ 30. Kg2 $10) 27...
g6 28. Rfe1 Kg7 $17 {<->d,><b2} 29. Ng2 $2 h5 30. h3 Rd6 $1 {/\Rb6} 31. Nf4 $2
(31. Ne3 c3 32. bxc3 Rxc3 33. Qa2 Qd7 34. Kh2 Qa4 $17) 31... Rb6 32. Rb1 c3 33.
b4 a5 34. Re4 $2 Rd8 $19 35. Rbe1 axb4 36. axb4 Rxb4 37. Rxb4 Qxb4 38. Re4 Qb2
39. Re2 Rd2 0-1